000 00336nam a2200145Ia 4500
100 _aSilberschatz/ A/ Galvin/ P.B.
942 _cBK
654 _aOperating System
245 _aOperating Systems Concepts
260 _bAddison Wesley Pub
_aNew York
_c1994
082 _a5.43
_bPAN
300 _a896
546 _aENGLISH
999 _c27691
_d27691